Представление документа в формате RUSMARC

ПолеНазваниеЗначение
  Тип записи a
  Библиографический уровень m
001 Контрольный номер DONNUET/MAIN/2e0e7b34c4d442849da9ae23713a6ad6
005 Дата корректировки 20251027153842.0
101 Язык документа 0_
a Язык текста rus
102 Страна публикации __
a Страна публикации RU
181 Поле кодированных данных: вид содержания _0
a Код вида содержания (ISBD) i
182 Поле кодированных данных: тип средства _0
a Код типа средства (ISBD) b
200 Заглавие и сведения об ответственности 1_
a Заглавие ГОСТ Р 71475— 2024. Эргономическое проектирование. Элементы управления потребительских товаров.
203 Вид содержания и тип средства __
a Вид содержания Текст
c Тип средства электронный
210 Выходные данные 1_
a Место издания Москва
c Издательство Российский институт стандартизации
d Дата издания 2024
801 Источник записи _1
a Страна RU
b Организация DONNUET
g Правила каталогизации PSBO
900 Электронные ресурсы __
a Имя электронного ресурса ГОСТ Р 71475-2024
901 Тип документа __
t Тип документа p
952 Тип литературы __
a Тип литературы для КСУ ВШ СЭ
c Вид литературы научные документы